| 000 | 00481nam a2200193Ia 4500 | ||
|---|---|---|---|
| 005 | 20240823020202.0 | ||
| 008 | 240823s9999||||xx |||||||||||||| ||und|| | ||
| 041 | _aENGLISH | ||
| 082 | _A005.783 M1 | ||
| 100 | _a"Tenenbaum,Aaron M" | ||
| 245 | 0 | _aData Structures using Pascal | |
| 250 | _a2nd | ||
| 260 |
_c1981 _b"PHI,New Delhi" |
||
| 500 | _aYES | ||
| 650 |
_aData Structure _bInformation Technology |
||
| 700 | _a" Augenstein,Moshe J" | ||
| 942 | _cBK | ||
| 999 |
_c174160 _d174160 |
||